000 00302nam a22001337a 4500
008 170505b xxu||||| |||| 00| 0 eng d
020 _a9780028657523
041 _aeng
080 _a34
100 _a14
101 _aSHJ
245 _aMAJOR OF ACTS OF CONGRESS
_cLANDSBERG.B.K
942 _2udc
_cBK
999 _c12831
_d12831